Hauptstädte - richtig oder falsch (Teil1) - Statistiken

Allgemein
  • Dieses Quiz wurde 487 mal gespielt
    346 seit der letzten Aktualisierung
  • Das Durchschnittsergebnis liegt bei 9 aus 10
Antwortstatistiken
Frage Antwort % Korrekt
Die Hauptstadt von Malaysia ist Singapur. Falsch
100%
Die Hauptstadt von Bulgarien ist Warna. Falsch
100%
Die Hauptstadt von Tunesien ist Sfax. Falsch
100%
Die Hauptstadt von Australien ist Perth. Falsch
100%
Die Hauptstadt von Malta ist Valletta. Richtig
100%
Die Hauptstadt von Türkei ist Istanbul. Falsch
97%
Die Hauptstadt von Bangladesch ist Dhaka. Richtig
97%
Die Hauptstadt von Costa Rica ist San José. Richtig
90%
Die Hauptstadt von Peru ist Quito. Falsch
83%
Die Hauptstadt von Nauru ist Nibok. Falsch
76%
Keine übereinstimmenden Quizze gefunden
Verteilung der Resultate
Anzahl Personen mit jedem Resultat
Perzentil nach korrekt beantworteten Fragen
Ihre Resultats-Entwicklung
Sie haben dieses Quiz seit der letzten Aktualisierung nicht gespielt